Statistiques concernant Pays par drapeau #1 Facile

Cliquez ici pour prendre le quiz!

Statistiques générales

  • Ce quiz a été pris 101 fois
  • Le résultat moyen est 10 sur 17

Statistiques - réponses

Réponse% Correct
Argentine
99%
Algérie
95%
Kenya
78%
Vénézuela
70%
Malte
64%
Angola
62%
Panama
60%
Laos
59%
Mali
59%
Qatar
53%
Mozambique
46%
Niger
46%
Haïti
42%
Somalie
42%
Malawi
41%
Afghanistan
36%
Rwanda
31%

Distribution des résultats

Percentile par nombre de réponses

% des personnes avec chaque résultat

Votre développement - résultats

Vous n’avez pas pris ce quiz